| 000 | 00630nam a2200205Ia 4500 | ||
|---|---|---|---|
| 003 | GCL | ||
| 008 | 140319s9999 xx 000 0 ara d | ||
| 040 |
_aGCL / _cGCL |
||
| 082 | 0 | 4 |
_a155 _bع س |
| 100 | 1 | _aعبدالفتاح دويدار | |
| 245 | 1 | 0 |
_aسيكولوجية النمو والارتقاء / _cعبدالفتاح دويدار |
| 260 |
_aبيروت : _bدار النهضة العربية للطباعة والنشر |
||
| 300 |
_a295 ؛ _c24 سم |
||
| 490 |
_a100 قصة _v0 |
||
| 650 | 0 | 4 | _aالاطفال |
| 650 | 0 | 4 | _aعلم النفس |
| 650 | 0 | 4 | _aالمراهقة |
| 650 | 0 | 4 | _aنمو |
| 942 |
_2ddc _cBK |
||
| 999 |
_c43421 _d43421 |
||